Население и трудовые ресурсы: проблемы и решения, зарубежный опыт

מידע ביבליוגרפי
Corporate Authors: Российская академия наук, Институт экономики и прогнозирования научно-технического прогресса
מחברים אחרים: Дегтярь Л. С, Яременко Г. А
סיכום:Исключено из фонда НТБ ТПУ
שפה:רוסית
יצא לאור: Москва, Наука, 1992
פורמט: MixedMaterials ספר
KOHA link:https://koha.lib.tpu.ru/cgi-bin/koha/opac-detail.pl?biblionumber=31909

MARC

LEADER 00000nam0a2200000 4500
001 31909
005 20231030204638.0
010 |a 5020134295 
035 |a (RuTPU)RU\TPU\book\32204 
035 |a BOOK00000283 
090 |a 31909 
100 |a 20011210d1992 k y0rusy50 ca 
101 0 |a rus 
102 |a RU 
105 |a  000|y 
200 1 |a Население и трудовые ресурсы  |e проблемы и решения, зарубежный опыт  |f РАН, Ин-т экономики и прогнозир. научно-техн. прогресса; Отв. ред. Л. С. Дегтярь, Г. А. Яременко 
210 |a Москва  |c Наука  |d 1992 
215 |a 126 с. 
333 |a Исключено из фонда НТБ ТПУ 
702 1 |a Дегтярь  |b Л. С 
702 1 |a Яременко  |b Г. А 
712 0 2 |a Российская академия наук 
712 1 2 |a Институт экономики и прогнозирования научно-технического прогресса 
801 0 |a RU  |b 63413507  |c 20011210  |g PSBO 
801 2 |a RU  |b 63413507  |c 20170529  |g RCR 
942 |c BK